000 00908nam a2200265 a 4500
001 ASIN1408809052
005 20170105102927.0
008 131212s2012 xxu eng d
020 _a1408809052 (hardcover)
_c$42.00
020 _a9781408809051 (hardcover)
040 _a0
050 0 4 _aDS371.412
082 0 4 _a958.1047
_bGAL 2012
100 1 _aGall, Sandy.
245 1 0 _aWar against the taliban :
_bwhy it all went wrong in afghanistan /
_cSandy Gall.
260 _a[S.l.] :
_bBloomsbury USA,
_c2012.
300 _a385 p. ;
_c25 cm.
520 _aA comprehensive analysis of the current Afghanistan War by bestselling writer and legendary war reporter Sandy Gall.
650 0 _aAfghan War (2001-)
650 0 _aAfghanistan
650 0 _aPolitical science
650 0 _aTaliban
856 4 0 _3Amazon.com
_uhttp://www.amazon.com/exec/obidos/ASIN/1408809052/chopaconline-20
942 _2ddc
_cBK
999 _c15860
_d15860